LEADER 03601nam 2200373z- 450 001 9910557202303321 005 20251116141150.0 010 $a3-7489-2595-6 035 $a(CKB)5100000000191659 035 $a(oapen)https://directory.doabooks.org/handle/20.500.12854/75195 035 $a(EXLCZ)995100000000191659 100 $a20202201d2022 |y 0 101 0 $ager 135 $aurmn|---annan 181 $ctxt$2rdacontent 182 $cc$2rdamedia 183 $acr$2rdacarrier 200 10$aVerfassungsaufsicht in der Europäischen Union$eEine akteurszentrierte Analyse der Rechtsstaatlichkeitskrise der Europäischen Union 210 $aBaden-Baden$cNomos Verlagsgesellschaft mbH & Co. KG$d2022 215 $a1 electronic resource (579 p.) 225 1 $aBeiträge zum ausländischen öffentlichen Recht und Völkerrecht$vBand 308 311 08$a3-8487-8186-7 330 $aThis book offers, in five parts, an analysis of the so-called rule of law crisis in the EU. The first part focuses on the concepts that help to understand the rule of law crisis, in particular that of ?systemic deficiencies in the rule of law?. In order to shine light on the complex concept of ?rule of law? included in Art. 2 TEU, the author focusses on the operationalisation of the rule of law in recent CJEU jurisprudence. The second part of the book is devoted to developments in certain Member States that make up the rule of law crisis. Special attention is paid to Poland and Hungary. The third part deals with the main thesis of the book: why it is useful to conceive of the measures taken in response to the rule of law crisis as "constitutional supervision? in EU law. The merits and roots of this concept are discussed in detail. On this basis, the fourth part presents the core of the analysis: the different mechanisms of EU constitutional supervision. After introducing its different actors, the work focuses on the activities of the European Commission. The final part concludes with an outlook. 330 $aIn fünf Teilen bietet diese Arbeit eine Analyse der sog. Rechtsstaatlichkeitskrise der EU. Ausgehend von den begriffliche Grundlagen und einer Erörterung des Rechtsstaatsbegriffs widmet sich die Arbeit zunächst den mitgliedstaatlichen Entwicklungen, die die Rechtsstaatlichkeitskrise ausmachen, insbesondere in Polen und Ungarn. Der dritte Teil behandelt die Leitthese der Arbeit: Dass und warum es gelingen muss, die Maßnahmen in Reaktion auf die Rechtsstaatlichkeitskrise als ?Verfassungsaufsicht in der Europäischen Union? zu begreifen. Hierauf aufbauend werden im vierten Teil die Instrumente der unionalen Verfassungsaufsicht dargestellt. Im fünften Teil schließt die Arbeit mit einem Blick auf Entwicklungsperspektiven. 517 $aVerfassungsaufsicht in der Europäischen Union 517 $aVerfassungsaufsicht in der Europäischen Union 606 $aLND$2bicssc 610 $aArt. 19 EUV, Art. 7 EUV, Bundesaufsicht, EGMR, Einstweilige Anordnung, EU, Europäische Grundrechteagentur, Europäische Kommission, EUV, Justizbarometer, Polen, Rumänien, Ungarn, Unionsaufsicht, EuGH, Europäisches Parlament, Art. 2 EUV, Europäisches Semester, EU-Justizbarometer, Venedig-Kommission, EU-Rahmen zur Stärkung des Rechtsstaatsprinzips, Vertragsverletzungsverfahren, Rechtsstaat, Verfassungsaufsicht, Europäische Union, Rechtsstaatlichkeitskrise 615 7$aLND 700 $aSchmidt$b Matthias$4auth$0500027 906 $aBOOK 912 $a9910557202303321 996 $aVerfassungsaufsicht in der Europäischen Union$93011041 997 $aUNINA